00319nam a2200097 a 4500008004100000050001700041245008000058246004100138260003300179350000900212120416s1998 ||||||||||||||||| || u aLB 2341 Gov.10aSummary of the findings and recommendations of the Commission of inquiry... aGovernment of the Republic of Zambia aLusakabGovt. Printersc1998 a0.00